000 00471ntaaa2200181 4500
003 01
005 20251027202223.0
008 0714s1973 ag 01
040 _aAR-BaBN
_bspa
_cAR-BaBN
_eaacr
_dRIC
082 _a268.0000 L64m
100 _aLindhorstt, Frank A.
_920692
245 _aThe minister teaches religion
250 _a1 ed.
260 _aNew York :
_bAbingdon-Cokesbury Press,
_cc1945
300 _a125 p
650 _aeducación religiosa
_94601
942 _cBK
999 _c17054
_d17054